Sports Quiz

Random Sports or Soccer Quiz

Teams that beat Tottenham Hotspur in 2015-16 Quiz Stats

 Plays Quiz not verified by Sporcle

Challenge
Share
Tweet
Embed
Score 0/5 Timer 05:00
0 Plays Today
% Correct
Manchester United
75.8%
Leicester City
70.2%
Newcastle United
67.7%
West Ham United
58.9%
Southampton
47.6%

You're not logged in!

Compare scores with friends on all Sporcle quizzes.
Join for Free
OR
Log In

You Might Also Like...

Show Comments

Extras

Top Quizzes Today


Score Distribution

Your Account Isn't Verified!

In order to create a playlist on Sporcle, you need to verify the email address you used during registration. Go to your Sporcle Settings to finish the process.

Report this User

Report this user for behavior that violates our Community Guidelines.

Details: